000 00702nam a2200253 a 4500
005 20191224041655.0
008 140307b1990 ec ||||| |||| 00| 0 eng d
041 _aeng
044 _aec
090 _aLB
_b02745
100 _aTodzia, Carol A.
_918026
245 _aChloranthaceae
260 _aQuito
_bDepartament of Systematic Botany
_bGoteborg University
_c1990
300 _a51 p.
650 _aFlora
_992293
650 _aPlantas
_992294
650 _aTaxonomía vegetal
_992262
650 _aClaves taxonómicas
_93514
650 _aIdentificación de especies
_94726
662 _aEcuador
700 _aHarling, Gunnar
_917471
700 _aAndersson, Lennart
_917474
942 _cImpreso
_2z
999 _c2974
_d2974